| 000 | 00642nam a2200253Ia 4500 | ||
|---|---|---|---|
| 008 | 160803s9999 xx 000 0 und d | ||
| 020 | _a0 439895057 | ||
| 100 | _aGiff, Patricia Reilly | ||
| 245 | _aFish Face / | ||
| 245 | _cPatricia Reilly Giff ; illustrated by Blanche Sims. | ||
| 260 | _aNew York : | ||
| 260 | _bScholastic Inc. | ||
| 260 | _c2006 | ||
| 300 | _a75 pages : | ||
| 300 | _billustrations ; | ||
| 300 | _c21 cm. | ||
| 440 | _aThe Kids of the Polk Street School ; | ||
| 440 | _vbk. 2. | ||
| 650 | _aFriendship -- | ||
| 650 | _aSchools -- | ||
| 650 | _xFiction. | ||
| 650 | _xFiction. | ||
| 700 | _a310 | ||
| 999 |
_c298717 _d298717 |
||